00579 2200229 4500001002100000005001800021008004100039020001800080035002400098040001200122082001100134090001700145100002200162245004000184250001100224260003100235300002100266650001000287850001200297990002000309990002000329YOGYA-0910000000055020100925072740761 ind  a979-592-244-0 0010-091000000000550 aYOPDYOG a297.35 a297.35 Sya I aSyadi, Khalid Abu aInvestasi AkhiratcKhalid Abu Syadi aCet. 1 aJakartabAl Khautsarc2004 a356 hlm.c18 cm. aAgama aYOPDYOG a5501-PD/A.05b1 a5502-PD/A.05b1